[Event "Preferente Grupo I"]
[Site ""]
[Date "2011.03.05"]
[Round "5.40"]
[White "Mombiela de Sus Jose Luis"]
[Black "Barcena Laguia Francisco"]
[Result "0-1"]
[WhiteElo "2018"]
[BlackElo "1915"]

1.f4 d5 2.Nf3 c5 3.e3 Nf6 4.Be2 g6 5.O-O Bg7 6.d3 O-O 7.Qe1 Nc6 8.Nc3 d4 9.Nd1
Nb4 10.Qd2 dxe3 11.Nxe3 Nfd5 12.Nc4 Nc6 13.a4 Qc7 14.Bd1 Bg4 15.h3 Bxf3 16.
Bxf3 Rad8 17.c3 Nb6 18.Ne3 e5 19.f5 c4 20.a5 Nd7 21.dxc4 Nxa5 22.Bd5 Nb3 23.
Qd1 Nxa1 24.Qa4 Qb6 25.Qxa1 Bh6 26.Rf3 gxf5 27.Kh1 f4 28.Nf5 Bg7 29.g3 Nf6 30.
gxf4 Nxd5 31.cxd5 Qf6 32.fxe5 Qxe5 33.Be3 Qe4 34.Qd1 Kh8 35.Nxg7 Kxg7 36.Bd4+
f6 37.c4 Rde8 38.Qg1+ Kh8 39.Qg4 Qb1+ 40.Kg2 Re2+ 41.Kg3 Qe1+ 42.Kf4 Re4+ 0-1

[Event "Preferente Grupo I"]
[Site ""]
[Date "2011.03.05"]
[Round "5.45"]
[White "Colom Sienes Eduardo"]
[Black "Donoso Sanchez Alejandro"]
[Result "0-1"]
[WhiteElo "2026"]
[BlackElo "2187"]

1.e4 c5 2.Nf3 e6 3.d4 cxd4 4.Nxd4 a6 5.Nc3 Nf6 6.Bd3 Qc7 7.O-O Nc6 8.Nxc6 bxc6
9.Be3 d5 10.Qf3 Bd6 11.Bg5 Bxh2+ 12.Kh1 Be5 13.exd5 cxd5 14.Rae1 Bb7 15.Qe3
Ng4 16.Qh3 h5 17.f4 Bd4 18.Qf3 Kf8 19.Ne2 Ba7 20.Ng3 h4 21.Nh5 Nf2+ 22.Kh2 Ne4
23.Qg4 f5 0-1

[Event "Preferente Grupo I"]
[Site ""]
[Date "2011.03.05"]
[Round "5.46"]
[White "Sanmiguel Mateo Luis"]
[Black "Sanmartin Agustin Alvaro"]
[Result "1-0"]
[WhiteElo "1950"]
[BlackElo "1994"]

1.d4 Nf6 2.Nf3 g6 3.g3 Bg7 4.Bg2 d6 5.c4 c5 6.O-O O-O 7.Nc3 Nc6 8.d5 Na5 9.Nd2
a6 10.Rb1 b5 11.cxb5 axb5 12.Nxb5 Qb6 13.Nc3 Ba6 14.b3 Ng4 15.Bb2 Qb4 16.Na4
Ra7 17.a3 Qb7 18.Bxg7 Kxg7 19.b4 cxb4 20.Rxb4 Qd7 21.Nb6 Qc7 22.Rxg4 Qxb6 23.
Rb4 Qc7 24.Bf3 Rc8 25.Bg4 f5 26.Bf3 Qc3 27.Re1 Nc4 28.Nxc4 Rxc4 29.Qa1 Rac7
30.Rxc4 Rxc4 31.a4 Kf6 32.a5 Qxa1 33.Rxa1 Rc2 34.Kf1 g5 35.Kg1 g4 36.Bg2 Bxe2
37.a6 Rc8 38.a7 Ra8 39.Bf1 Bxf1 40.Kxf1 h5 41.Ke2 Ke5 42.Ra5 Kd4 43.Kd2 Kc4
44.Ke3 Kb4 45.Ra1 Kc5 46.Kf4 Kxd5 47.Kxf5 e5 48.Kg5 Ke6 49.Ra6 e4 50.Kxh5 Ke5
51.Kxg4 d5 52.Kh3 d4 53.Kg2 d3 54.Kf1 Kd4 55.Ke1 Kc3 56.Kd1 Kc4 57.h4 Kb5 58.
Ra1 Kc4 59.h5 Kd4 60.Kd2 Rf8 61.Ra4+ 1-0

[Event "Preferente Grupo I"]
[Site ""]
[Date "2011.03.05"]
[Round "5.47"]
[White "Sacristan Latorre Alberto"]
[Black "Serrano San Nicolas Angel"]
[Result "1-0"]
[WhiteElo "1959"]
[BlackElo "1940"]

1.e4 d5 2.exd5 Qxd5 3.Nc3 Qa5 4.Bc4 Nf6 5.d4 c6 6.Nf3 Bf5 7.Bd2 e6 8.d5 cxd5
9.Nxd5 Qd8 10.Nxf6+ gxf6 11.Bc3 Be7 12.Qxd8+ Bxd8 13.Nd4 Bg6 14.Bb5+ Kf8 15.
O-O-O Bb6 16.f3 e5 17.Nb3 a6 18.Bc4 Be3+ 19.Kb1 Nc6 20.Rd7 b5 21.Bd5 Rc8 22.a3
Nd4 23.Be4 Nxb3 24.cxb3 Kg7 25.Rhd1 Rhe8 26.R1d6 Ra8 27.Ba5 Rec8 28.Bd8 Rc1+
29.Ka2 Bxe4 30.fxe4 Rf1 31.Rd3 Bd4 32.Rg3+ Kf8 33.Be7+ Ke8 34.Rc7 1-0

[Event "Preferente Grupo I"]
[Site ""]
[Date "2011.03.05"]
[Round "5.48"]
[White "Garcia Arrazola Jesus Maria"]
[Black "Gomez Salinas Nestor"]
[Result "0-1"]
[WhiteElo "1675"]
[BlackElo "1845"]

1.d4 Nf6 2.Bf4 g6 3.e3 Bg7 4.Bd3 d6 5.Nf3 Nh5 6.Bg3 c5 7.Bc4 Qb6 8.b3 cxd4 9.
exd4 Nxg3 10.fxg3 d5 11.Be2 Nc6 12.c3 Bf5 13.Na3 a6 14.Nc2 Bxc2 15.Qxc2 Rc8
16.Qd2 O-O 17.O-O e5 18.Rad1 Rfe8 19.Kh1 exd4 20.cxd4 Nxd4 21.Nxd4 Bxd4 22.Bg4
f5 23.Qxd4 Qxd4 24.Rxd4 fxg4 25.Rxd5 Rc2 26.a4 Rc3 27.Rg5 Rxb3 28.Rxg4 Rbe3
29.h4 R3e4 30.Rxe4 Rxe4 31.Ra1 a5 32.Kg1 Kf7 33.Kf2 Ke6 34.Kf3 Ke5 35.Ra3 Rb4
36.Ke3 Kd5 37.Kd3 Rb2 38.Ke3 Rxg2 39.Kf4 h6 40.Rb3 Ra2 41.Rb5+ Kc6 42.Rxa5 Ra3
43.g4 Rc3 44.h5 Rc4+ 45.Kf3 g5 46.Rf5 Rc3+ 47.Kg2 Rd3 48.Kf2 b6 49.a5 b5 50.a6
b4 51.Rf6+ Kb5 52.a7 Ra3 53.Rf7 Kb6 54.Ke2 Rxa7 55.Rf6+ Kc5 56.Kd3 Ra3+ 57.Kc2
Rg3 58.Rxh6 Rxg4 59.Rg6 Rg2+ 60.Kb3 Rg3+ 61.Kb2 g4 62.h6 Rg2+ 63.Kb3 Rg3+ 64.
Kb2 Kc4 65.h7 Rg2+ 66.Kb1 Kb3 67.Kc1 Rg1+ 68.Kd2 Rh1 69.Rxg4 Rxh7 70.Rg3+ Kb2
71.Kd3 Rc7 72.Rg2+ Ka3 73.Rg8 Rc3+ 74.Kd2 Kb2 75.Ra8 b3 76.Ra7 Rc4 77.Kd3 Rc2
78.Rb7 Ka2 79.Ra7+ Kb1 80.Rh7 b2 0-1

[Event "Preferente Grupo I"]
[Site ""]
[Date "2011.03.05"]
[Round "5.49"]
[White "Lana Rodriguez David"]
[Black "Naya Sancho Jose Ignacio"]
[Result "1-0"]
[WhiteElo "2227"]
[BlackElo "2124"]

1.e4 e5 2.Nf3 Nc6 3.Bb5 a6 4.Bxc6 dxc6 5.O-O Bg4 6.h3 h5 7.d3 Qf6 8.Nbd2 Ne7
9.Re1 Ng6 10.hxg4 hxg4 11.Nh2 Rxh2 12.Kxh2 Qh4+ 13.Kg1 Bc5 14.Re3 g3 15.Rxg3
Qxg3 16.Qf3 Qxf3 17.Nxf3 f6 18.g3 Kf7 19.Nh2 Nf8 20.Nf1 Ne6 21.Be3 Bd4 22.Kg2
b6 23.Bxd4 Nxd4 24.Ne3 Rh8 25.Rd1 Ne6 26.Rf1 Nd4 27.f4 exf4 28.gxf4 Ke7 29.c3
Ne6 30.d4 g5 31.fxg5 Nxg5 32.Rf4 Ne6 33.Rg4 Kf7 34.Nf5 Rh5 35.Ng3 Rb5 36.b3
Ra5 37.a4 b5 38.axb5 Ra2+ 39.Kf3 cxb5 40.b4 Ng5+ 41.Ke3 Rg2 42.e5 Nh7 43.Ke4
Rc2 44.Nf5 Ng5+ 45.Kd3 Rf2 46.Ne3 Ra2 47.exf6 Kxf6 48.Nd5+ Kf5 49.Rf4+ Kg6 50.
Rf6+ Kg7 51.Rc6 Nf7 52.Nxc7 a5 53.bxa5 Rxa5 54.Rb6 1-0

[Event "Preferente Grupo I"]
[Site ""]
[Date "2011.03.05"]
[Round "5.50"]
[White "Campo Millan Diego"]
[Black "Aparicio Navarro Pedro Jose"]
[Result "1/2-1/2"]
[WhiteElo "2108"]
[BlackElo "2179"]

1.e4 c6 2.d4 d5 3.Nc3 dxe4 4.Nxe4 Nf6 5.Nxf6+ gxf6 6.Nf3 Bg4 7.Be2 e6 8.c3 Qc7
9.Nh4 Bxe2 10.Qxe2 Nd7 11.Be3 Bd6 12.O-O-O O-O-O 13.g3 Kb8 14.Kb1 Qa5 15.Rhe1
Qd5 16.Bc1 b5 17.f3 Rhg8 18.Ng2 Nb6 19.Bf4 Bxf4 20.Nxf4 Qf5+ 21.Qe4 Rg5 22.Kc1
Nd5 23.Nd3 h5 24.f4 Qxe4 25.Rxe4 Rf5 26.Rg1 Rg8 27.Kd2 Kc7 28.Ke2 a5 29.Kf2 a4
30.a3 Nb6 31.Kf3 Nc4 32.Rg2 Rd5 33.Nb4 Rdd8 34.Ree2 f5 35.Nd3 Rg7 36.Nc5 Rdg8
37.Nd3 Kd6 38.Ne5 Nb6 39.Rc2 Kd5 40.Rge2 Rh7 41.Rg2 Rb8 42.Rge2 Rg8 43.Rg2 Rb8
1/2-1/2

[Event "Preferente Grupo I"]
[Site ""]
[Date "2011.03.05"]
[Round "5.51"]
[White "Munoz Munoz Juan Carlos"]
[Black "Neila Castillo Miguel Angel"]
[Result "1/2-1/2"]
[WhiteElo "2103"]
[BlackElo "2082"]

1.d4 Nf6 2.Nf3 c5 3.g3 e6 4.Bg2 d5 5.O-O Nc6 6.c4 Be7 7.cxd5 exd5 8.Nc3 c4 9.
Ne5 O-O 10.e4 Nxe5 11.dxe5 Nxe4 12.Nxd5 Nc5 13.Qc2 Nd3 14.Qxc4 Nxe5 15.Qe4 Ng6
16.Be3 f5 17.Nxe7+ Qxe7 18.Qxe7 Nxe7 19.Bc5 Re8 20.Rfe1 Kf7 21.Rad1 Be6 22.b3
Nc6 23.Rd6 Rac8 24.h4 a6 25.Bh3 Rcd8 26.Red1 Rxd6 27.Rxd6 Rd8 28.Rxd8 Nxd8 29.
f4 Bd7 30.Kf2 Ke6 31.Ke3 Bc6 32.Bf1 Bd5 33.Kd4 Nc6+ 34.Kc3 g6 35.a4 Nb8 36.b4
Nc6 37.b5 axb5 38.axb5 Nb8 39.Bd4 Nd7 40.Kb4 Kd6 41.Be2 Ke6 42.Ka5 Kd6 43.Kb4
1/2-1/2

[Event "Preferente Grupo I"]
[Site ""]
[Date "2011.03.05"]
[Round "5.52"]
[White "Andres Terrado Miguel Angel"]
[Black "Prat Guisado Christian"]
[Result "1-0"]
[WhiteElo "2025"]
[BlackElo "2055"]

1.e4 c6 2.d4 d5 3.exd5 cxd5 4.Bd3 Nf6 5.c3 Nc6 6.Bf4 e6 7.Nf3 Bd6 8.Bg3 Qc7 9.
O-O O-O 10.Re1 Bxg3 11.hxg3 h6 12.Nbd2 Ng4 13.Nh2 Nxh2 14.Kxh2 e5 15.dxe5 Nxe5
16.Nf3 Ng4+ 17.Kg1 Qb6 18.Qd2 Bd7 19.Nd4 Qf6 20.Qf4 Qxf4 21.gxf4 Rfe8 22.Bc2
Nf6 23.Bb3 Re4 24.g3 Rae8 25.Red1 h5 26.f3 Re3 27.Kf2 h4 28.g4 Bxg4 29.fxg4
Nxg4+ 30.Kf1 R3e4 31.Kg1 h3 32.Bxd5 Rxf4 33.Rf1 h2+ 34.Kh1 Rxf1+ 35.Rxf1 Re7
36.Bf3 Ne3 37.Rf2 Nc4 38.Kxh2 Nd6 39.Re2 Rxe2+ 40.Bxe2 a6 41.Kg3 f6 42.Bf3 Kf7
43.Bd5+ Kg6 44.Kf4 Kh5 45.Bf3+ Kg6 46.Nf5 1-0

[Event "Preferente Grupo II"]
[Site ""]
[Date "2011.03.05"]
[Round "5.53"]
[White "Fandino Roquelina"]
[Black "Ansola Marquinez Alberto"]
[Result "1/2-1/2"]
[WhiteElo "2148"]
[BlackElo "2090"]

1.e4 Nc6 2.Nf3 e6 3.d4 d5 4.e5 Nge7 5.c3 b6 6.Bd3 a5 7.Qe2 Nb8 8.O-O Ba6 9.Ng5
Bxd3 10.Qxd3 h6 11.Nh3 Qd7 12.f4 h5 13.Na3 Nf5 14.Nc2 c5 15.Be3 Nc6 16.Bf2
cxd4 17.Nxd4 Ncxd4 18.cxd4 Be7 19.Rfc1 O-O 20.Rc2 Rfc8 21.Rac1 b5 22.Ng5 Bxg5
23.fxg5 Rxc2 24.Qxc2 Ne7 25.Qd2 Rc8 26.h4 Rxc1+ 27.Qxc1 Qc6 28.Qd2 b4 29.Be1
Nf5 30.b3 Qb6 31.Bf2 Kf8 32.Kf1 Ke7 33.Ke1 Kd7 34.Kd1 Qb5 35.Qe2 Qxe2+ 36.Kxe2
g6 37.Kd3 Kc6 38.Be1 Kb5 39.Bf2 Ne7 40.Kc2 Nc6 41.Be3 a4 42.Bg1 Na7 43.Kd3 Nc8
44.Bf2 1/2-1/2

[Event "Preferente Grupo II"]
[Site ""]
[Date "2011.03.05"]
[Round "5.54"]
[White "Argueso Pascual Jorge"]
[Black "Rodriguez Leiva Manuel"]
[Result "1-0"]
[WhiteElo "2000"]
[BlackElo "2109"]

1.d4 e6 2.c4 d5 3.Nc3 Nf6 4.Bg5 Be7 5.e3 O-O 6.Nf3 c6 7.Qc2 Nbd7 8.Rc1 h6 9.
Bh4 Ne8 10.Bxe7 Qxe7 11.cxd5 exd5 12.Bd3 Nd6 13.O-O Nf6 14.Ne5 Ng4 15.Nxg4
Bxg4 16.Rce1 Qg5 17.f3 Bf5 18.e4 dxe4 19.fxe4 Be6 20.e5 Nb5 21.Bxb5 cxb5 22.d5
Bd7 23.Ne4 Qg6 24.Rf3 Bf5 25.Rxf5 1-0

[Event "Preferente Grupo II"]
[Site ""]
[Date "2011.03.05"]
[Round "5.55"]
[White "Buil Rello Jose Antonio"]
[Black "Ruiz Gutierrez Manuel"]
[Result "1/2-1/2"]
[WhiteElo "1955"]
[BlackElo "1870"]

1.e4 c5 2.Nf3 Nc6 3.d4 cxd4 4.Nxd4 Nf6 5.f3 g6 6.c4 Bg7 7.Nb3 O-O 8.Nc3 d6 9.
Be3 b6 10.Rc1 Ba6 11.Nd4 Nxd4 12.Bxd4 Qd7 13.Be2 Rac8 14.b3 Bh6 15.Rc2 Nh5 16.
O-O Nf4 17.Bf2 Bg7 18.Qd2 Nxe2+ 19.Nxe2 Rc7 20.Rfc1 Rfc8 21.Nd4 e6 22.Be3 d5
23.cxd5 Rxc2 24.Rxc2 exd5 25.Rxc8+ Bxc8 26.exd5 Qxd5 27.Ne2 Qxd2 28.Bxd2 b5
29.Bc3 Bf8 30.Kf2 b4 31.Bd4 a6 32.Nc1 Bf5 33.Ke2 Bb1 34.g3 h5 35.f4 h4 36.Kf2
hxg3+ 37.hxg3 Bd6 38.Kf3 Kf8 39.Ke3 Ke7 40.g4 Ke6 41.Kf3 Kd5 42.Be3 Be7 43.g5
Ke6 44.Bb6 Bd6 45.Be3 Kd5 46.Bb6 Bc5 47.Bxc5 Kxc5 48.Ke3 a5 49.Nd3+ Kd5 50.Nc1
Ke6 51.Ke2 Kf5 52.Kf3 Ke6 53.Ke2 Kd5 54.Ke3 Kc5 55.Nd3+ Kb5 56.Nc1 a4 57.Kd4
1/2-1/2

[Event "Preferente Grupo II"]
[Site ""]
[Date "2011.03.05"]
[Round "5.56"]
[White "Argueso Palomino Manuel"]
[Black "Salas Latorre Jose"]
[Result "0-1"]
[WhiteElo "1780"]
[BlackElo "1745"]

1.d4 d5 2.Nf3 Nf6 3.Nbd2 e6 4.e3 Bd6 5.Bd3 Nbd7 6.c3 O-O 7.O-O e5 8.dxe5 Nxe5
9.Nxe5 Bxe5 10.Nf3 Bd6 11.Qc2 Re8 12.Ng5 Bxh2+ 13.Kh1 Ne4 14.Nf3 Bd6 15.c4 Bg4
16.c5 Bxf3 17.cxd6 Qh4+ 18.Kg1 Qg4 0-1

[Event "Preferente Grupo II"]
[Site ""]
[Date "2011.03.05"]
[Round "5.57"]
[White "Gimeno Oteo Marco Antonio"]
[Black "Accattato Martin Mario"]
[Result "0-1"]
[WhiteElo "2152"]
[BlackElo "2144"]

1.e4 d6 2.d4 Nf6 3.Nc3 e5 4.Nf3 Nbd7 5.Bc4 Be7 6.O-O O-O 7.a4 c6 8.Re1 a5 9.h3
Nb6 10.Bb3 Nfd7 11.d5 Nc5 12.Be3 Nxb3 13.cxb3 f5 14.Nxe5 dxe5 15.d6 Bh4 16.g3
Nd7 17.gxh4 f4 18.Bd2 Qxh4 19.Qg4 Qh6 20.Qf3 Nc5 21.Kh2 Nxb3 22.Rad1 Nd4 23.
Qg2 Rf6 24.Ne2 Rg6 25.Ng3 fxg3+ 26.fxg3 Nf3+ 27.Kh1 Nxd2 28.Rxd2 Rxg3 0-1

[Event "Preferente Grupo II"]
[Site ""]
[Date "2011.03.05"]
[Round "5.58"]
[White "Horton Justin"]
[Black "Cebrian Valverde Jose Antonio"]
[Result "0-1"]
[WhiteElo "2112"]
[BlackElo "2138"]

1.d4 f5 2.g3 Nf6 3.Bg2 g6 4.Nf3 Bg7 5.O-O O-O 6.c4 d6 7.Nc3 Qe8 8.d5 Na6 9.Rb1
h6 10.Nd4 g5 11.b4 Ng4 12.Ncb5 f4 13.Ne6 Bxe6 14.dxe6 c6 15.e3 Ne5 16.exf4
gxf4 17.Nd4 fxg3 18.hxg3 Qg6 19.b5 Qxb1 20.bxa6 bxa6 21.Nxc6 Nxc6 22.Bxc6 Rab8
23.Bd5 Qf5 24.Be3 Rb2 25.Bxa7 Rxa2 26.Bd4 Ra3 27.Bxg7 Kxg7 28.Qd4+ Qf6 29.Qg4+
Kh8 30.Qh5 0-1

[Event "Preferente Grupo II"]
[Site ""]
[Date "2011.03.05"]
[Round "5.59"]
[White "Gutierrez Minguenza Ruben"]
[Black "Gonzalez Gambau Jorge"]
[Result "1-0"]
[WhiteElo "2112"]
[BlackElo "2084"]

1.d4 d5 2.c4 c6 3.Nf3 Nf6 4.g3 e6 5.Bg2 Bd6 6.O-O Nbd7 7.Qc2 O-O 8.Nbd2 e5 9.
cxd5 cxd5 10.dxe5 Nxe5 11.Nxe5 Bxe5 12.Nf3 Bd6 13.Rd1 Be6 14.Nd4 Qb6 15.Qb3
Bc5 16.Qxb6 Bxb6 17.Bg5 Ne4 18.Be3 Rfe8 19.Nxe6 Bxe3 20.fxe3 fxe6 21.Bxe4 dxe4
22.Rd7 Rab8 23.Rf1 Rf8 24.Rf4 e5 25.Rxe4 Rf7 26.Rxf7 Kxf7 27.Rxe5 Rc8 28.Rb5
b6 29.a4 Rc2 30.Kf2 Kf6 31.h4 Rc6 32.a5 bxa5 33.Rxa5 Rb6 34.Ra2 h5 35.Kf3 g6
36.Kf4 a6 37.e4 Ke6 38.e3 Kf6 39.e5+ Ke6 40.e4 Kf7 41.Kg5 Rb3 42.Ra3 Rb6 43.
Rf3+ Kg7 44.Rf6 Rxb2 45.Rxg6+ Kf7 46.Rf6+ Kg7 47.Rxa6 Rb3 48.Rg6+ Kh7 49.Kxh5
Re3 50.Rg4 Ra3 51.Kg5 Ra5 52.Kf6 Kh6 53.Rg6+ Kh5 54.Rg5+ Kh6 55.g4 Kh7 56.e6
Ra8 57.e7 Rf8+ 58.exf8=R 1-0

[Event "Preferente Grupo II"]
[Site ""]
[Date "2011.03.05"]
[Round "5.60"]
[White "Abos Rosico Antonio"]
[Black "Palomar Ramon Santiago"]
[Result "0-1"]
[WhiteElo "2073"]
[BlackElo "2041"]

1.e4 e5 2.Nf3 Nc6 3.Bc4 Bc5 4.b4 Bxb4 5.c3 Be7 6.d4 Na5 7.Nxe5 Nxc4 8.Nxc4 d5
9.exd5 Qxd5 10.Ne3 Qa5 11.O-O Nf6 12.c4 c6 13.Qb3 O-O 14.Ba3 Re8 15.Bxe7 Rxe7
16.Nc3 Ng4 17.Rfe1 Qg5 18.Nxg4 Bxg4 19.Rxe7 Bf3 20.g3 Qxe7 21.Na4 Qe4 22.Qe3
Re8 23.Re1 b6 24.Nc3 Qxe3 25.Rxe3 Rxe3 26.fxe3 f5 27.Kf2 Bh1 28.g4 fxg4 29.Kg3
h5 30.Kf4 Kf7 31.e4 Bf3 32.d5 cxd5 33.cxd5 h4 34.e5 g5+ 35.Ke3 Bh1 36.d6 Bc6
37.Ne2 g3 38.h3 Bd7 39.Ng1 g4 40.hxg4 Bxg4 41.Kf4 Be6 42.a3 Ke8 43.Kf3 b5 44.
Ne2 a5 45.Nf4 Kd7 46.Ng6 Bd5+ 47.Ke2 h3 48.Nf8+ Kd8 49.e6 h2 50.e7+ Ke8 51.Nh7
Bc6 52.Nf6+ Kf7 53.d7 Kxe7 0-1

[Event "Preferente Grupo II"]
[Site ""]
[Date "2011.03.05"]
[Round "5.61"]
[White "Salamero Pelay Fernando"]
[Black "Gomez Luesia Jesus"]
[Result "0-1"]
[WhiteElo "2130"]
[BlackElo "2164"]

1.e4 c6 2.d4 d5 3.e5 a6 4.Be3 Nh6 5.Ne2 Nf5 6.Qd3 Nxe3 7.Qxe3 Bf5 8.c3 e6 9.
Nf4 Qb6 10.Bd3 Qxb2 11.Bxf5 Qxa1 12.O-O Be7 13.Bxe6 O-O 14.Bf5 g6 15.Nh5 Kh8
16.Nd2 Qxa2 17.e6 gxf5 18.Qh6 Rg8 19.exf7 Nd7 20.fxg8=Q+ Rxg8 21.Nf3 Qe2 22.
Ng3 Rg6 23.Qf4 Qe6 24.Re1 Bd6 25.Qh4 Qf6 26.Re8+ Rg8 27.Ng5 Qg6 28.Rxg8+ Kxg8
29.Nh5 Be7 30.f4 h6 31.Qe1 Bxg5 32.fxg5 Qxh5 33.Qe6+ Qf7 34.Qxh6 Nf8 35.Qd6
Qe6 36.Qg3 f4 37.Qf2 Qe3 0-1

[Event "Preferente Grupo II"]
[Site ""]
[Date "2011.03.05"]
[Round "5.62"]
[White "Martinez Asensio Juan M"]
[Black "Gella Bitrian Diego"]
[Result "0-1"]
[WhiteElo "2144"]
[BlackElo "1973"]

1.c4 Nf6 2.g3 g6 3.Bg2 Bg7 4.Nc3 O-O 5.d3 d6 6.Bg5 h6 7.Bd2 e5 8.e4 c5 9.Nge2
Be6 10.O-O Nc6 11.f4 Qc8 12.Qc1 Kh7 13.f5 gxf5 14.exf5 Bxf5 15.Nd5 Nxd5 16.
Rxf5 Nde7 17.Rh5 Qg4 18.Rh4 Qe6 19.Nc3 f5 20.Qd1 Nd4 21.Nd5 Nxd5 22.Bxd5 Qf6
23.Qh5 Qg6 24.Rf1 Qxh5 25.Rxh5 Rab8 26.Rf2 b5 27.Be3 Kg6 28.Rh4 bxc4 29.dxc4
e4 30.Kg2 Nf3 31.Rh3 Ne1+ 32.Kg1 Nd3 33.Rd2 Nxb2 34.g4 Rbe8 35.gxf5+ Rxf5 36.
Rg3+ Kh7 37.Rxg7+ Kxg7 38.Rxb2 Re7 39.Rg2+ Kf6 40.Bxh6 Rh5 41.Bf4 e3 42.Re2
Rg7+ 43.Kf1 Rf5 0-1

[Event "Preferente Grupo II"]
[Site ""]
[Date "2011.03.05"]
[Round "5.63"]
[White "Bellosta Lopez Pablo"]
[Black "Carruez Berges Santiago"]
[Result "1-0"]
[WhiteElo "1948"]
[BlackElo "2110"]

1.e4 g6 2.d4 Bg7 3.Nc3 c6 4.Be3 d5 5.e5 Nh6 6.f4 Na6 7.h3 Qb6 8.a3 Bf5 9.g4
Be4 10.Rh2 f5 11.exf6 exf6 12.Nxe4 dxe4 13.f5 O-O-O 14.Bc4 Nc7 15.Qd2 Qxb2 16.
Ra2 Qb1+ 17.Kf2 Nd5 18.Bxh6 Bxh6 19.Qxh6 Nc3 20.Qf4 Rxd4 21.Be6+ Kd8 22.Qb8+
1-0

[Event "Preferente Grupo II"]
[Site ""]
[Date "2011.03.05"]
[Round "5.64"]
[White "Temprano Mateos Luis Jose"]
[Black "Biarge Carnicer Arturo"]
[Result "1/2-1/2"]
[WhiteElo "1911"]
[BlackElo "2009"]

1.c4 Nf6 2.Nc3 g6 3.g3 Bg7 4.Bg2 O-O 5.e4 d6 6.Nge2 Nc6 7.O-O e5 8.d3 Nd7 9.
Nd5 a5 10.Nec3 Nc5 11.f4 Nd4 12.f5 gxf5 13.Qh5 c6 14.Ne3 f4 15.gxf4 Nxd3 16.f5
Nf4 17.Rxf4 exf4 18.Ng4 f6 19.Bxf4 Qe8 20.Qxe8 Rxe8 21.Bxd6 h5 22.Nf2 Bf8 23.
Bxf8 Kxf8 24.Rd1 Rd8 25.Kf1 b6 26.Ne2 c5 27.Nc3 Bb7 28.Rd3 Kf7 29.Rh3 Rh8 30.
Nd3 Rag8 31.Nf4 Rg4 32.Ng6 Rg8 33.Rxh5 Nxf5 34.exf5 Bxg2+ 35.Kf2 Bc6 36.b3
Rg2+ 37.Kf1 Rc2 38.Rh7+ Rg7 39.Rh8 Rxg6 40.fxg6+ Kg7 41.Rc8 Bg2+ 42.Kg1 Rxc3
43.Kxg2 Rc2+ 44.Kg3 Rxa2 45.Rc6 Ra3 46.Rxb6 a4 47.Kg4 Rxb3 48.Ra6 a3 49.h4
Kxg6 50.h5+ Kg7 51.Ra7+ Kh6 52.Ra6 Kg7 53.Ra7+ Kh6 54.Ra6 Rc3 55.Rxf6+ Kg7 56.
Ra6 Rxc4+ 57.Kg5 Rc3 58.Ra7+ Kg8 59.Ra8+ Kh7 60.Ra7+ 1/2-1/2

[Event "Preferente Grupo II"]
[Site ""]
[Date "2011.03.05"]
[Round "5.65"]
[White "Munoz Suarez Luis Alberto"]
[Black "Garcia Lopez Alberto J"]
[Result "1-0"]
[WhiteElo "1967"]
[BlackElo "1977"]

1.e4 d6 2.d4 Nf6 3.Nc3 g6 4.Nf3 Bg7 5.Be2 O-O 6.O-O c6 7.a4 Qc7 8.Bg5 h6 9.
Bxf6 Bxf6 10.Qd2 Bg7 11.Rfe1 e5 12.d5 c5 13.Rab1 a6 14.b4 Nd7 15.b5 a5 16.Qd3
Nb6 17.Nd2 f5 18.f3 fxe4 19.fxe4 Bd7 20.Nc4 Nxc4 21.Qxc4 b6 22.Rf1 g5 23.Rxf8+
Rxf8 24.Rf1 Rf4 25.Nd1 Qd8 26.Ne3 Qf6 27.Qd3 Bc8 28.Nc4 Qd8 29.Bd1 Bf8 30.g3
Rxf1+ 31.Qxf1 g4 32.Be2 Be7 33.h3 h5 34.hxg4 h4 35.g5 Bxg5 36.Bh5 hxg3 37.Qf7+
Kh8 38.Bg6 Qe7 39.Nxd6 Be3+ 40.Kg2 Qxf7 41.Bxf7 Bg4 42.Nc4 Bf4 43.Be6 Bd1 44.
Nxb6 Bxc2 45.Bf5 Bb3 46.d6 c4 47.Be6 Bc2 48.Bd5 c3 49.d7 Bg5 50.Nc4 Bxa4 51.b6
Bc6 52.Na3 Bxd7 53.b7 1-0

[Event "Preferente Grupo II"]
[Site ""]
[Date "2011.03.05"]
[Round "5.66"]
[White "Lucea Valero Alejandro"]
[Black "Martin Diaz Eduardo"]
[Result "1-0"]
[WhiteElo "1953"]
[BlackElo "1936"]

1.Nf3 f5 2.d4 Nf6 3.c4 g6 4.Nc3 Bg7 5.g3 O-O 6.Bg2 c6 7.O-O d6 8.Qb3 Na6 9.Re1
Nc7 10.d5 Nd7 11.Be3 c5 12.Qc2 a6 13.a4 b6 14.Qd2 Rb8 15.Bh6 b5 16.Bxg7 Kxg7
17.axb5 axb5 18.cxb5 Nxb5 19.e4 fxe4 20.Rxe4 Nf6 21.Rh4 Kg8 22.Qh6 Rf7 23.Ng5
Rg7 24.Bh3 Nd4 25.Be6+ Bxe6 26.Nxe6 Nxe6 27.dxe6 Qc8 28.Qe3 Rxb2 29.Rha4 Rb8
30.Ra7 h5 31.Ne2 Qc6 32.Nf4 Ng4 33.Qd3 Rb2 34.Nxg6 Qh1+ 35.Kxh1 Nxf2+ 36.Kg1
Nxd3 37.Nxe7+ Kh7 38.Nf5 Rxa7 39.Rxa7+ Kg6 40.e7 Rb1+ 41.Kg2 Rb2+ 42.Kf3 Ne5+
43.Ke3 Rb8 44.Nxd6 Nc6 45.Rb7 1-0

[Event "Preferente Grupo II"]
[Site ""]
[Date "2011.03.05"]
[Round "5.67"]
[White "Navarro Castan Jesus"]
[Black "Buil Montanes Carlos"]
[Result "0-1"]
[WhiteElo "1925"]
[BlackElo "1903"]

1.e4 c5 2.Nf3 e6 3.d4 cxd4 4.Nxd4 Nc6 5.Nc3 Qc7 6.Be2 a6 7.O-O Nf6 8.Nxc6 bxc6
9.f4 d5 10.e5 Nd7 11.Kh1 Be7 12.Qe1 O-O 13.Qg3 f5 14.exf6 Bxf6 15.Bg4 Nc5 16.
Qe1 Bd7 17.Rb1 e5 18.Bxd7 Nxd7 19.fxe5 Bxe5 20.h3 Nf6 21.Bd2 Rae8 22.Qd1 Bxc3
23.Bxc3 Ne4 24.Rxf8+ Rxf8 25.Qd4 Ng3+ 0-1

[Event "Preferente Grupo II"]
[Site ""]
[Date "2011.03.05"]
[Round "5.68"]
[White "Minguez Guinda Andres"]
[Black "Royo Onde Manuel"]
[Result "1-0"]
[WhiteElo "1896"]
[BlackElo "1906"]

1.e4 c5 2.Nf3 d6 3.d4 cxd4 4.Nxd4 Nf6 5.Nc3 Nc6 6.Nb3 e5 7.Bg5 Be7 8.Qd2 O-O
9.O-O-O Be6 10.Bxf6 gxf6 11.Nd5 Bxd5 12.exd5 f5 13.f4 Nb8 14.Kb1 Bf6 15.g4
fxg4 16.Rg1 Bg7 17.fxe5 dxe5 18.Rxg4 f5 19.Rg1 Qf6 20.Nc5 Rf7 21.d6 Nd7 22.
Nxd7 Rxd7 23.Bb5 e4 24.c3 Rdd8 25.Rgf1 a6 26.Qd5+ Kh8 27.Ba4 b5 28.Rxf5 Qxd6
29.Qxd6 Rxd6 30.Rxd6 bxa4 1-0

[Event "Preferente Grupo II"]
[Site ""]
[Date "2011.03.05"]
[Round "5.69"]
[White "De la Riva Fernandez Eduardo"]
[Black "Hinojar Basa Alfonso"]
[Result "0-1"]
[WhiteElo "1995"]
[BlackElo "2200"]

1.e4 e6 2.d4 d5 3.Nd2 Nf6 4.e5 Nfd7 5.Bd3 c5 6.c3 Nc6 7.Ne2 Qb6 8.Nf3 cxd4 9.
cxd4 f6 10.exf6 Nxf6 11.O-O Bd6 12.Bf4 Bxf4 13.Nxf4 O-O 14.Re1 Bd7 15.Nxe6
Rfe8 16.Nc5 Rxe1+ 17.Qxe1 Nxd4 18.Nxd7 Nxf3+ 19.gxf3 Nxd7 20.Rc1 Qd6 21.Qe3
Ne5 22.Rd1 Qf6 23.f4 Nc6 24.Qh3 g6 25.f5 Rf8 26.fxg6 hxg6 27.Qg2 Kg7 28.h4 Rh8
29.Qxd5 Rxh4 30.Bc4 Nd4 0-1

[Event "Preferente Grupo II"]
[Site ""]
[Date "2011.03.05"]
[Round "5.70"]
[White "Sebastian Bespin Ruben"]
[Black "Hernandez Delgado Gabriel"]
[Result "1-0"]
[WhiteElo "1976"]
[BlackElo "2185"]

1.e4 g6 2.d4 Bg7 3.Nc3 d6 4.Be3 a6 5.Qd2 Nd7 6.Be2 h6 7.f4 b5 8.e5 Bb7 9.Nf3
e6 10.a3 Ne7 11.O-O Bxf3 12.Rxf3 d5 13.Bf2 Qc8 14.Nd1 h5 15.Ne3 c5 16.c3 c4
17.Bh4 Nf5 18.Nxf5 exf5 19.Re3 O-O 20.Bf3 Nb6 21.Bxh5 Re8 22.Bf3 Bh6 23.g3 Qe6
24.Qg2 Ra7 25.Rae1 a5 26.Bf6 Rb8 27.g4 Bg7 28.Qh3 Raa8 29.g5 Qc6 30.Bxg7 Kxg7
31.Qh6+ Kg8 32.Bg2 f6 33.Qxg6+ Kf8 34.exf6 1-0

[Event "Preferente Grupo II"]
[Site ""]
[Date "2011.03.05"]
[Round "5.71"]
[White "Gimeno Garcia David"]
[Black "Portero Garnica Miguel Angel"]
[Result "1/2-1/2"]
[WhiteElo "1946"]
[BlackElo "2112"]

1.d4 d5 2.c4 e6 3.Nc3 Nf6 4.Bg5 Be7 5.Nf3 O-O 6.e3 h6 7.Bh4 Ne4 8.Bxe7 Qxe7 9.
Qc2 c6 10.Bd3 Nxc3 11.Qxc3 dxc4 12.Bxc4 Nd7 13.O-O b6 14.Rfd1 Bb7 15.Rac1 Nf6
16.Bd3 Rac8 17.Bb1 c5 18.Ne5 cxd4 19.Qxd4 Rxc1 20.Rxc1 Rd8 21.Qf4 Qd6 22.h3
Ba6 23.Kh2 Bb5 24.g4 Be8 25.g5 hxg5 26.Qxg5 Ba4 27.Rg1 Ne8 28.Qh5 Qc7 29.Qh7+
Kf8 30.Qh8+ Ke7 31.Qh4+ f6 32.Qb4+ Qd6 33.Qxd6+ Rxd6 34.Nc4 Rc6 35.b3 Rc5 36.
Bg6 Nc7 37.Bd3 Be8 38.Rxg7+ Kf8 39.Rh7 f5 40.Nd6 Kg8 41.Re7 Kf8 42.Rh7 Kg8 43.
Rh6 Kg7 44.Rh4 1/2-1/2

[Event "Preferente Grupo II"]
[Site ""]
[Date "2011.03.05"]
[Round "5.72"]
[White "Ruiperez Gumiel Ramon"]
[Black "Cervera Jimenez Javier"]
[Result "1-0"]
[WhiteElo "1951"]
[BlackElo "1901"]

1.e4 Nf6 2.d3 g6 3.Nc3 d5 4.e5 Ng4 5.d4 c5 6.Be2 cxd4 7.Qxd4 Nc6 8.Bb5 Bg7 9.
Bf4 O-O 10.Bxc6 bxc6 11.h3 Nh6 12.Qd2 d4 13.Nce2 Nf5 14.g4 Qd5 15.gxf5 Qxh1
16.O-O-O Qd5 17.Qxd4 Qxa2 18.f6 exf6 19.exf6 Bf5 20.Nc3 Qa1+ 21.Nb1 Bh8 22.Ne2
Qa5 23.Ng3 Rfd8 24.Bd6 c5 25.Nxf5 Rxd6 26.Nh6+ 1-0

[Event "Division Honor Grupo I"]
[Site ""]
[Date "2011.03.12"]
[Round "6.1"]
[White "Garza Marco Sergio"]
[Black "Gimenez Martinez Alberto"]
[Result "1-0"]
[WhiteElo "2436"]
[BlackElo "2132"]

1.Nf3 d5 2.g3 Nf6 3.Bg2 c6 4.O-O Bf5 5.d3 h6 6.b3 e6 7.Bb2 Be7 8.Nbd2 O-O 9.
Qe1 a5 10.e4 Bh7 11.a4 Na6 12.Qe2 Nb4 13.Ne1 b5 14.f4 Na6 15.Nef3 Qb6+ 16.Kh1
Ng4 17.Nd4 Nf6 18.axb5 cxb5 19.exd5 Bc5 20.dxe6 Bxd4 21.Bxd4 Qxd4 22.e7 Rfe8
23.Bxa8 Rxa8 24.Rxa5 Qd5+ 25.Qg2 Qxg2+ 26.Kxg2 Nc7 27.Rxa8+ Nxa8 28.f5 Nc7 29.
c4 bxc4 30.dxc4 Nfe8 31.b4 f6 32.g4 Kf7 33.Re1 g6 34.b5 gxf5 35.b6 Na6 36.Ra1
Nc5 37.Ra5 Nb7 38.Ra7 Ned6 39.Kg3 fxg4 40.Kxg4 Bd3 41.Kh5 Bg6+ 42.Kg4 Bd3 43.
Kf4 Nc5 44.Ke3 Bxc4 45.Nxc4 Nxc4+ 46.Kd4 Nxb6 47.Kxc5 Nc8 48.Rc7 1-0